Kúpalisko v Brezne

Guardado en:
Detalles Bibliográficos
Autor principal: Slobodová, Juliana (Autor)
Otros Autores: Vaník, Zsuzsanna (Orientador)
Formato: Manuscrito Libro
Lenguaje:eslovaco
Publicado: 2017
Materias:
Acceso en línea:http://is.stuba.sk/zp/portal_zp.pl?podrobnosti=126006
https://opac.crzp.sk/?fn=detailBiblioForm&sid=4B7A8F8230E492173216658DC396
Etiquetas: Agregar Etiqueta
Sin Etiquetas, Sea el primero en etiquetar este registro!

MARC

LEADER 00000ntm a22000003a 4500
001 stuzp63216
003 SK-STU
005 20230818102226.3
007 ta
008 150427s2015----xo-----f-mn---000-0-slo-d
040 |a STU  |b slo 
041 0 |a slo 
100 1 |a Slobodová, Juliana  |u 010190  |4 aut  |U SvF Stavebná fakulta  |T SvF Katedra kovových a drevených konštrukcií  |X 9700  |U V190  |Y 21  |7 9700 
242 0 1 |a Swimming pool in Brezno  |y eng 
245 1 0 |a Kúpalisko v Brezne 
260 |c 2017 
650 4 |a oceľová konštrukcia  |2 slo 
650 4 |a kúpalisko  |2 slo 
650 4 |a statický posudok  |2 slo 
650 4 |a steel construction  |2 eng 
650 4 |a swimming pool  |2 eng 
650 4 |a static review  |2 eng 
700 1 |a Vaník, Zsuzsanna  |u 010190  |k Z1  |4 ths  |U SvF Stavebná fakulta  |T SvF Katedra kovových a drevených konštrukcií  |X 23795  |U V190  |Y 21  |7 A000023795 
856 4 |u http://is.stuba.sk/zp/portal_zp.pl?podrobnosti=126006 
856 4 |u https://opac.crzp.sk/?fn=detailBiblioForm&sid=4B7A8F8230E492173216658DC396